[Event "Open"]
[Site "Katowice"]
[Date "2025.06.01"]
[Round "6.32"]
[White "Chylewski, Patryk"]
[Black "Namyslak, Piotr"]
[Result "0-1"]
[BlackElo "1981"]
[WhiteElo "2174"]
[LiveChessVersion "1.4.4"]

1. e4 {[%clk 0:10:03]} c5 {[%clk 0:10:02]} 2. Be2 {[%clk 0:10:04]} e6
{[%clk 0:10:01]} 3. f4 {[%clk 0:10:05]} Nc6 {[%clk 0:10:01]} 4. Nf3
{[%clk 0:10:06]} Qc7 {[%clk 0:10:00]} 5. d3 {[%clk 0:10:06]} Bd6 {[%clk 0:09:58]}
6. e5 {[%clk 0:10:02]} Be7 {[%clk 0:09:57]} 7. c3 {[%clk 0:09:59]} d6
{[%clk 0:09:46]} 8. d4 {[%clk 0:09:54]} cxd4 {[%clk 0:09:31]} 9. cxd4
{[%clk 0:09:54]} dxe5 {[%clk 0:09:19]} 10. dxe5 {[%clk 0:09:21]} Bd7
{[%clk 0:09:16]} 11. O-O {[%clk 0:09:15]} Rd8 {[%clk 0:09:16]} 12. Qc2
{[%clk 0:08:58]} Qb6+ {[%clk 0:09:05]} 13. Kh1 {[%clk 0:08:56]} Nh6
{[%clk 0:08:56]} 14. Bd3 {[%clk 0:08:33]} Nb4 {[%clk 0:08:42]} 15. Qb3
{[%clk 0:07:49]} Nxd3 {[%clk 0:08:28]} 16. Qxd3 {[%clk 0:07:41]} Bb5
{[%clk 0:08:28]} 17. Qc3 {[%clk 0:07:10]} Bxf1 {[%clk 0:08:20]} 18. Be3
{[%clk 0:07:11]} Qc6 {[%clk 0:08:09]} 19. Qe1 {[%clk 0:06:55]} Ba6
{[%clk 0:08:00]} 20. Nd4 {[%clk 0:06:52]} Qc7 {[%clk 0:07:22]} 21. Nc3
{[%clk 0:06:51]} O-O {[%clk 0:07:10]} 22. Qg3 {[%clk 0:06:42]} Qc4
{[%clk 0:06:37]} 23. f5 {[%clk 0:06:30]} Rxd4 {[%clk 0:05:35]} 24. Bxh6
{[%clk 0:05:32]} Rg4 {[%clk 0:05:33]} 25. Qe3 {[%clk 0:05:24]} gxh6
{[%clk 0:04:15]} 26. f6 {[%clk 0:05:24]} Bc5 {[%clk 0:03:53]} 27. Qxh6
{[%clk 0:05:23]} Rg6 {[%clk 0:03:43]} 28. Qd2 {[%clk 0:05:15]} Qd4
{[%clk 0:03:10]} 29. Qe1 {[%clk 0:04:08]} Qg4 {[%clk 0:02:33]} 30. g3
{[%clk 0:03:52]} Qf3# {[%clk 0:02:26]} 0-1

[Event "Open"]
[Site "Katowice"]
[Date "2025.06.01"]
[Round "6.33"]
[White "Marekwica, Dawid"]
[Black "Vodila, Martin Botond"]
[Result "0-1"]
[BlackElo "2166"]
[WhiteElo "2002"]
[LiveChessVersion "1.4.4"]

1. d4 {[%clk 0:10:03]} d5 {[%clk 0:10:01]} 2. c4 {[%clk 0:10:04]} e6
{[%clk 0:10:01]} 3. Nf3 {[%clk 0:10:04]} f5 {[%clk 0:10:01]} 4. Nc3
{[%clk 0:09:54]} Nf6 {[%clk 0:10:01]} 5. Ne5 {[%clk 0:09:42]} Nbd7
{[%clk 0:09:54]} 6. Bg5 {[%clk 0:09:22]} Be7 {[%clk 0:09:26]} 7. e3
{[%clk 0:07:03]} O-O {[%clk 0:09:14]} 8. Qf3 {[%clk 0:05:58]} Ne4
{[%clk 0:08:59]} 9. Bxe7 {[%clk 0:05:32]} Qxe7 {[%clk 0:08:58]} 10. cxd5
{[%clk 0:05:17]} Nxe5 {[%clk 0:08:23]} 11. dxe5 {[%clk 0:05:10]} Qb4
{[%clk 0:08:09]} 12. O-O-O {[%clk 0:02:29]} Nxc3 {[%clk 0:07:57]} 13. bxc3
{[%clk 0:02:29]} Qxc3+ {[%clk 0:07:55]} 14. Kb1 {[%clk 0:02:30]} Qxe5
{[%clk 0:07:43]} 15. Bc4 {[%clk 0:01:44]} Kh8 {[%clk 0:07:21]} 16. Kc2
{[%clk 0:01:26]} b5 {[%clk 0:06:34]} 17. dxe6 {[%clk 0:00:54]} Rb8
{[%clk 0:06:09]} 18. Bb3 {[%clk 0:00:36]} Bb7 {[%clk 0:05:43]} 19. Bd5
{[%clk 0:00:27]} Bc8 {[%clk 0:05:17]} 20. Bb3 {[%clk 0:00:26]} Bxe6
{[%clk 0:05:08]} 21. Bxe6 {[%clk 0:00:27]} Qxe6 {[%clk 0:05:08]} 22. Kb2
{[%clk 0:00:17]} Qe5+ {[%clk 0:04:51]} 23. Kc2 {[%clk 0:00:15]} Qc5+
{[%clk 0:04:43]} 24. Kb2 {[%clk 0:00:15]} a5 {[%clk 0:03:53]} 25. Rd4
{[%clk 0:00:12]} Qe5 {[%clk 0:03:53]} 26. Rhd1 {[%clk 0:00:09]} c5
{[%clk 0:03:53]} 27. Qd5 {[%clk 0:00:07]} Qc7 {[%clk 0:02:56]} 28. R4d2
{[%clk 0:00:05]} c4 {[%clk 0:02:54]} 29. a3 {[%clk 0:00:04]} c3+ {[%clk 0:02:54]}
30. Kb1 {[%clk 0:00:04]} cxd2 {[%clk 0:02:52]} 31. Rxd2 {[%clk 0:00:04]} Rbd8
{[%clk 0:02:49]} 0-1

[Event "Open"]
[Site "Katowice"]
[Date "2025.06.01"]
[Round "6.34"]
[White "Jarocka, Liwia"]
[Black "Pekala, Dawid"]
[Result "1-0"]
[BlackElo "1961"]
[WhiteElo "2163"]
[LiveChessVersion "1.4.4"]

1. d4 {[%clk 0:10:01]} d5 {[%clk 0:10:01]} 2. Nf3 {[%clk 0:10:02]} Nf6
{[%clk 0:09:59]} 3. c3 {[%clk 0:10:01]} e6 {[%clk 0:09:36]} 4. Bf4
{[%clk 0:10:02]} c5 {[%clk 0:09:32]} 5. dxc5 {[%clk 0:10:01]} Bxc5
{[%clk 0:09:30]} 6. e3 {[%clk 0:10:02]} Nc6 {[%clk 0:09:24]} 7. Be2
{[%clk 0:09:46]} O-O {[%clk 0:09:17]} 8. O-O {[%clk 0:09:46]} Bd7
{[%clk 0:09:05]} 9. Nbd2 {[%clk 0:09:45]} h6 {[%clk 0:08:10]} 10. Qc2
{[%clk 0:09:13]} Rc8 {[%clk 0:08:06]} 11. Rfd1 {[%clk 0:08:50]} Qe7
{[%clk 0:08:00]} 12. Ne5 {[%clk 0:07:31]} Nxe5 {[%clk 0:07:54]} 13. Bxe5
{[%clk 0:07:31]} Bc6 {[%clk 0:07:46]} 14. Nf3 {[%clk 0:07:01]} Rfd8
{[%clk 0:07:20]} 15. Nd4 {[%clk 0:06:52]} Be8 {[%clk 0:07:16]} 16. Qb3
{[%clk 0:04:40]} Bd6 {[%clk 0:05:21]} 17. Bxd6 {[%clk 0:04:21]} Rxd6
{[%clk 0:05:15]} 18. Bf3 {[%clk 0:03:32]} a6 {[%clk 0:05:12]} 19. Rac1
{[%clk 0:03:09]} b5 {[%clk 0:05:06]} 20. Qb4 {[%clk 0:02:17]} Qc7
{[%clk 0:05:02]} 21. Nb3 {[%clk 0:02:04]} Rdd8 {[%clk 0:04:07]} 22. Qh4
{[%clk 0:01:49]} Qc4 {[%clk 0:03:52]} 23. Rd4 {[%clk 0:01:44]} Qc7
{[%clk 0:03:45]} 24. Rf4 {[%clk 0:01:17]} Nh7 {[%clk 0:03:28]} 25. Rg4
{[%clk 0:00:59]} Kf8 {[%clk 0:02:20]} 26. Rd1 {[%clk 0:00:56]} Qe5
{[%clk 0:02:06]} 27. Rg3 {[%clk 0:00:49]} Rc4 {[%clk 0:01:53]} 28. Qxd8
{[%clk 0:00:49]} Ng5 {[%clk 0:01:42]} 29. Rd4 {[%clk 0:00:38]} Rc6
{[%clk 0:01:36]} 30. Na5 {[%clk 0:00:29]} Rd6 {[%clk 0:01:18]} 31. Qc7
{[%clk 0:00:27]} f5 {[%clk 0:00:46]} 32. Nb7 {[%clk 0:00:25]} Nf7
{[%clk 0:00:26]} 33. Nxd6 {[%clk 0:00:18]} Qxd6 {[%clk 0:00:24]} 34. Qxd6+
{[%clk 0:00:17]} Nxd6 {[%clk 0:00:25]} 35. Rd1 {[%clk 0:00:12]} g5
{[%clk 0:00:15]} 36. Be2 {[%clk 0:00:09]} 1-0

[Event "Open"]
[Site "Katowice"]
[Date "2025.06.01"]
[Round "6.35"]
[White "Tokarz, Gabriela"]
[Black "Golenia, Jan"]
[Result "0-1"]
[BlackElo "2158"]
[WhiteElo "1868"]
[LiveChessVersion "1.4.4"]

1. e4 {[%clk 0:10:02]} c6 {[%clk 0:10:03]} 2. d4 {[%clk 0:10:03]} d5
{[%clk 0:10:04]} 3. Nc3 {[%clk 0:10:04]} dxe4 {[%clk 0:10:05]} 4. f3
{[%clk 0:10:05]} exf3 {[%clk 0:08:54]} 5. Nxf3 {[%clk 0:10:05]} Nf6
{[%clk 0:08:54]} 6. Bc4 {[%clk 0:10:05]} e6 {[%clk 0:08:36]} 7. O-O
{[%clk 0:10:03]} Bd6 {[%clk 0:08:32]} 8. Bg5 {[%clk 0:09:59]} O-O
{[%clk 0:08:19]} 9. Qe1 {[%clk 0:09:42]} Nbd7 {[%clk 0:07:46]} 10. Qh4
{[%clk 0:09:37]} Be7 {[%clk 0:06:46]} 11. Rae1 {[%clk 0:09:33]} Re8
{[%clk 0:06:20]} 12. Ne5 {[%clk 0:09:19]} Nxe5 {[%clk 0:05:29]} 13. dxe5
{[%clk 0:09:19]} Nd5 {[%clk 0:05:29]} 14. Bd3 {[%clk 0:08:48]} h6 15. Qe4
{[%clk 0:08:23]} Bxg5 {[%clk 0:03:47]} 16. Qh7+ {[%clk 0:08:17]} Kf8
{[%clk 0:03:48]} 17. Bg6 {[%clk 0:07:57]} Nf4 {[%clk 0:01:08]} 18. Qh8+
{[%clk 0:07:31]} Ke7 {[%clk 0:01:06]} 19. Qxg7 {[%clk 0:07:31]} Rf8
{[%clk 0:00:23]} 20. Bh7 {[%clk 0:06:16]} Qb6+ {[%clk 0:00:07]} 21. Kh1
{[%clk 0:06:17]} Qxb2 {[%clk 0:00:07]} 22. h4 {[%clk 0:05:17]} Qxc3
{[%clk 0:00:07]} 23. hxg5 {[%clk 0:05:18]} Qg3 {[%clk 0:00:04]} 24. Qf6+
{[%clk 0:05:14]} Ke8 {[%clk 0:00:06]} 25. Qxf4 {[%clk 0:05:08]} Qxf4 26. Rxf4
{[%clk 0:05:07]} hxg5 {[%clk 0:00:08]} 27. Rf3 {[%clk 0:05:03]} Ke7
{[%clk 0:00:09]} 28. Kg1 {[%clk 0:05:02]} b6 {[%clk 0:00:10]} 29. Be4
{[%clk 0:05:02]} Bd7 {[%clk 0:00:11]} 30. Rd3 {[%clk 0:05:03]} Rac8
{[%clk 0:00:12]} 31. Rd6 {[%clk 0:05:03]} c5 {[%clk 0:00:12]} 32. Red1
{[%clk 0:05:04]} Rfd8 {[%clk 0:00:13]} 33. Kf2 {[%clk 0:04:39]} Bb5
{[%clk 0:00:13]} 34. Bb7 {[%clk 0:04:21]} Rxd6 {[%clk 0:00:13]} 35. exd6+
{[%clk 0:04:22]} Kd7 {[%clk 0:00:12]} 36. Bxc8+ {[%clk 0:04:23]} Kxc8
{[%clk 0:00:13]} 37. Ke3 {[%clk 0:04:24]} Kd7 {[%clk 0:00:15]} 38. Ke4
{[%clk 0:04:24]} Bc6+ {[%clk 0:00:15]} 39. Ke5 {[%clk 0:04:25]} Bxg2
{[%clk 0:00:14]} 40. Kf6 {[%clk 0:04:26]} Bd5 {[%clk 0:00:14]} 41. Kxg5
{[%clk 0:04:22]} Bxa2 {[%clk 0:00:14]} 42. Kf6 {[%clk 0:04:22]} Bd5
{[%clk 0:00:10]} 43. Kxf7 {[%clk 0:04:23]} b5 {[%clk 0:00:11]} 44. Kf6
{[%clk 0:04:23]} Kxd6 {[%clk 0:00:12]} 45. Ra1 {[%clk 0:04:23]} b4
{[%clk 0:00:07]} 46. Ra6+ {[%clk 0:04:14]} Kc7 {[%clk 0:00:07]} 47. Rxa7+
{[%clk 0:04:15]} Kb6 {[%clk 0:00:08]} 48. Rd7 {[%clk 0:04:10]} Kb5
{[%clk 0:00:09]} 49. Ke5 {[%clk 0:04:10]} Kc4 {[%clk 0:00:10]} 50. Rc7
{[%clk 0:04:11]} Kb5 {[%clk 0:00:09]} 51. Kd6 {[%clk 0:04:09]} c4
{[%clk 0:00:07]} 52. Ra7 {[%clk 0:03:52]} b3 {[%clk 0:00:07]} 53. cxb3
{[%clk 0:03:45]} cxb3 54. Rg7 {[%clk 0:03:43]} Ka4 {[%clk 0:00:09]} 55. Kc5
{[%clk 0:03:27]} b2 {[%clk 0:00:10]} 56. Rg1 {[%clk 0:03:21]} Kb3
{[%clk 0:00:11]} 57. Kd4 {[%clk 0:03:15]} Ka2 {[%clk 0:00:12]} 58. Kc3
{[%clk 0:02:43]} b1=Q {[%clk 0:00:13]} 59. Rxb1 {[%clk 0:02:43]} Kxb1
{[%clk 0:00:14]} 60. Kd2 {[%clk 0:02:44]} Kb2 {[%clk 0:00:15]} 61. Kd3
{[%clk 0:02:45]} Kb3 {[%clk 0:00:16]} 62. Kd4 {[%clk 0:02:46]} Kb4
{[%clk 0:00:17]} 63. Ke5 {[%clk 0:02:47]} Kc4 {[%clk 0:00:18]} 64. Kf4
{[%clk 0:02:48]} Kd4 {[%clk 0:00:20]} 65. Kg3 {[%clk 0:02:49]} e5
{[%clk 0:00:21]} 66. Kf2 {[%clk 0:02:50]} e4 {[%clk 0:00:22]} 67. Ke2
{[%clk 0:02:51]} e3 {[%clk 0:00:23]} 68. Ke1 {[%clk 0:02:52]} Kd3
{[%clk 0:00:25]} 69. Kd1 {[%clk 0:02:53]} e2+ {[%clk 0:00:23]} 70. Ke1
{[%clk 0:02:54]} Ba2 {[%clk 0:00:23]} 71. Kf2 {[%clk 0:02:55]} Kd2
{[%clk 0:00:24]} 72. Kg2 {[%clk 0:02:56]} e1=Q {[%clk 0:00:25]} 73. Kh2
{[%clk 0:02:56]} Qf2+ {[%clk 0:00:21]} 74. Kh3 {[%clk 0:02:58]} Qg1
{[%clk 0:00:21]} 75. Kh4 {[%clk 0:02:58]} Ke3 {[%clk 0:00:22]} 76. Kh5
{[%clk 0:02:59]} Kf4 {[%clk 0:00:19]} 77. Kh6 {[%clk 0:03:00]} Kf5
{[%clk 0:00:19]} 78. Kh7 {[%clk 0:03:01]} Kf6 {[%clk 0:00:20]} 79. Kh6
{[%clk 0:03:02]} Qh2# {[%clk 0:00:12]} 0-1

[Event "Open"]
[Site "Katowice"]
[Date "2025.06.01"]
[Round "6.36"]
[White "Klepek, Witold"]
[Black "Skiba, Krzysztof"]
[Result "0-1"]
[BlackElo "1848"]
[WhiteElo "2123"]
[LiveChessVersion "1.4.4"]

1. e4 {[%clk 0:10:03]} c5 {[%clk 0:10:04]} 2. Nf3 {[%clk 0:10:03]} d6
{[%clk 0:10:05]} 3. d4 {[%clk 0:10:04]} cxd4 {[%clk 0:10:06]} 4. Qxd4
{[%clk 0:10:05]} a6 {[%clk 0:10:01]} 5. Qe3 {[%clk 0:10:01]} Nc6 {[%clk 0:09:50]}
6. Nc3 {[%clk 0:10:02]} Nf6 {[%clk 0:09:35]} 7. Bd3 {[%clk 0:09:43]} e6
{[%clk 0:08:26]} 8. O-O {[%clk 0:09:36]} Be7 {[%clk 0:08:26]} 9. h3
{[%clk 0:09:01]} O-O {[%clk 0:08:23]} 10. e5 {[%clk 0:08:57]} dxe5
{[%clk 0:08:03]} 11. Nxe5 {[%clk 0:08:56]} Qc7 {[%clk 0:07:26]} 12. Nxc6
{[%clk 0:08:33]} bxc6 {[%clk 0:07:04]} 13. Qf3 {[%clk 0:07:55]} Bb7
{[%clk 0:06:52]} 14. Re1 {[%clk 0:07:20]} c5 {[%clk 0:06:39]} 15. Qe2
{[%clk 0:06:48]} Rfd8 {[%clk 0:06:02]} 16. Be3 {[%clk 0:05:58]} Qc6
{[%clk 0:05:49]} 17. f3 {[%clk 0:05:37]} h6 {[%clk 0:04:41]} 18. Rad1
{[%clk 0:05:07]} Qc7 {[%clk 0:04:20]} 19. Bf2 {[%clk 0:04:39]} Nd5
{[%clk 0:03:35]} 20. Nxd5 {[%clk 0:04:00]} Bxd5 21. c4 {[%clk 0:03:17]} Bb7
{[%clk 0:03:22]} 22. Qc2 {[%clk 0:02:52]} Bf6 {[%clk 0:03:11]} 23. Re2
{[%clk 0:02:06]} Rab8 {[%clk 0:02:56]} 24. b3 {[%clk 0:01:51]} Rbc8
{[%clk 0:02:29]} 25. Red2 {[%clk 0:01:45]} Kh8 {[%clk 0:02:18]} 26. Re1
{[%clk 0:01:09]} Qa5 {[%clk 0:01:56]} 27. Rdd1 {[%clk 0:00:54]} Qc7
{[%clk 0:01:51]} 28. Rd2 {[%clk 0:00:52]} Bg5 {[%clk 0:01:43]} 29. Rdd1
{[%clk 0:00:52]} Bf4 {[%clk 0:01:39]} 30. Kh1 {[%clk 0:00:49]} Bg3
{[%clk 0:01:34]} 31. Bxg3 {[%clk 0:00:18]} Qxg3 {[%clk 0:01:34]} 32. Be4
{[%clk 0:00:17]} Bxe4 {[%clk 0:01:28]} 33. Qxe4 {[%clk 0:00:16]} Qf2
{[%clk 0:01:10]} 34. Re2 {[%clk 0:00:12]} Rxd1+ {[%clk 0:01:10]} 35. Kh2
{[%clk 0:00:12]} Qd4 {[%clk 0:01:07]} 36. Qb7 {[%clk 0:00:05]} Qd6+
{[%clk 0:01:07]} 37. g3 {[%clk 0:00:04]} Rd8 {[%clk 0:01:03]} 38. Qe4
{[%clk 0:00:05]} Rd2 {[%clk 0:01:03]} 39. Rxd2 {[%clk 0:00:06]} Qxd2+
{[%clk 0:01:05]} 40. Kg1 {[%clk 0:00:06]} Qd1+ {[%clk 0:01:06]} 41. Kg2
{[%clk 0:00:07]} Rd2+ {[%clk 0:01:06]} 42. Qe2 {[%clk 0:00:08]} Rxe2#
{[%clk 0:01:04]} 0-1